| 000 | 00479nam a2200169Ia 4500 | ||
|---|---|---|---|
| 999 |
_c6356 _d6356 |
||
| 003 | OSt | ||
| 005 | 20200114140722.0 | ||
| 008 | 190216s9999||||xx |||||||||||||| ||und|| | ||
| 040 | _coclc | ||
| 082 |
_a657.42 _bRAJ/C |
||
| 100 |
_aRajagopalan, P _91196 |
||
| 245 | 0 |
_aCost Accounting / _c P Rajagopalan |
|
| 260 |
_bNational Publications, _c2003. _aCalicut: |
||
| 300 | _a320p | ||
| 650 | _aCost Accounting | ||
| 942 |
_cBK _2ddc _h657.42 _iRAJ/C _k657.42 _mRAJ/C |
||